| 000 | 01204nam a22002297a 4500 | ||
|---|---|---|---|
| 008 | 230825s2022 xxk|||||o|||| 00| 0 eng d | ||
| 041 | _aeng | ||
| 110 | _aRoyal Institution of Chartered Surveyors | ||
| 245 |
_aRegulatory decision-making guidance _bHow Does RICS decide when to investigate? |
||
| 250 | _aversion 4 | ||
| 260 |
_aLondon, _bRoyal Institution of Chartered Surveyors, _c2022 |
||
| 300 | _a6p. | ||
| 500 | _aVersion 4 with effect from 2 February 2022. Replaced Version 3 with title "How Does RICS decide when to investigate?" | ||
| 520 | _aRICS refers to its professionals and regulated firms as ‘Regulated Members’. This document aims to help Regulated Members and anyone else who reports concerns to understand which types of concerns or allegations RICS is likely to investigate | ||
| 650 | _aRegulation | ||
| 650 | _aProfessional Standards | ||
| 650 | _aMisconduct | ||
| 651 | _aUnited Kingdom | ||
| 710 | _aRoyal Institution of Chartered Surveyors | ||
| 856 |
_uhttps://www.rics.org/content/dam/ricsglobal/documents/regulation/Regulatory%20decision%20making%20guidance%20-%20version%204%20_with%20effect%202%20February%202022_.pdf _zAvailable on RICS.org |
||
| 942 | _n0 | ||
| 999 |
_c121649 _d121649 |
||